000
00285nam a22001337a 4500
008
260312b ||||| |||| 00| 0 eng d
020
_a
9951051464
041
_a
eng
080
_a
811.18
100
_a
41
101
_a
fjalor
245
_a
Fjalor
_c
Ali R. Berisha
942
_2
udc
_c
BK
999
_c
60894
_d
60894